banner koha

Effect of green propolis on the productivity, nutrient utilisation, and intestinal morphology of Japanese laying quail (Registro n. 330929)

MARC details
000 -LÍDER
fixed length control field 02758nab a2200337 i 4500
003 - CÓDIGO MARC DA AGÊNCIA CATALOGADORA
Campo de controle BR-BrBNA
005 - DATA E HORA DA ÚLTIMA ATUALIZAÇÃO
Campo de controle 20250409115712.0
008 - CAMPO DE TAMANHO FIXO
fixed length control field 250409b2020 bl.ar|pooa||| 00| 0 eng |
040 ## - FONTE DA CATALOGAÇÃO
Agência catalogadora BR-BrBNA
Idioma da catalogação eng
072 ## - CATEGORIA AGRIS
Código AGRIS L51
Código do objeto 6510
072 ## - CATEGORIA AGRIS
Código AGRIS L01
100 ## - ENTRADA PRINCIPAL - NOME PESSOAL
Nome pessoal Pieroni, Carolina Alves Pieroni
100 ## - ENTRADA PRINCIPAL - NOME PESSOAL
Nome pessoal Oliveira, Maria Cristina de
100 ## - ENTRADA PRINCIPAL - NOME PESSOAL
Nome pessoal Santos, Willian Lucas Rodrigues dos
100 ## - ENTRADA PRINCIPAL - NOME PESSOAL
Nome pessoal Mascarenhas, Laryssa Bezerra
100 ## - ENTRADA PRINCIPAL - NOME PESSOAL
Nome pessoal Oliveira, Matheus Andrade Dias
245 ## - TÍTULO PRINCIPAL
Título principal Effect of green propolis on the productivity, nutrient utilisation, and intestinal morphology of Japanese laying quail
500 ## - NOTA GERAL
Nota geral Publicação on-line; 5 tables; Sumaries (En); Bibliography p. 7 - 10
942 ## - ADDED ENTRY ELEMENTS (KOHA)
Koha item type Analítica
520 ## - NOTA DE RESUMO
Nota de conteúdo <br/><br/>ABSTRACT - In this study, we evaluated the effects of dietary inclusion of ethanolic extract of green propolis (EEGP) on productivity, egg quality, nutrient utilization, and duodenal morphology of 120 Japanese laying quail. The quail were randomly distributed into five treatment groups: one group with no EEGP in the diet (control diet) and four groups with increasing EEGP levels (500, 1000, 1500, and 2000 mg EEGP/kg diet) in the diets. Excreta and diet samples were collected on day 40 and were analyzed for dry matter (DM), crude protein (CP), ether extract (EE), ash, gross energy (GE), calcium, and phosphorus to evaluate the nutrient and energy use. At the end of the study period, productive performance, egg quality, and duodenum morphology were evaluated. Duodenal sections were obtained from four birds per treatment and were processed for optical microscopy. The EEGP did not affect DM, GE utilization, apparent metabolizable energy, ash retention, feed intake, feed conversion, egg mass, egg quality, crypt depth, or villus height:crypt depth ratio in the duodenum. However, EEGP did increase laying rate, CP, EE, calcium, and phosphorus utilization, as well as villus height and absorption surface area in the duodenum when provided to birds at 1500 and 2000 mg/kg in the diet. Thus, the inclusion of EEGP at 1500 ppm in the diet of Japanese laying quail improves productivity, egg quality, nutrient utilization ability, and duodenal morphology.<br/><br/>Keywords: animal production, egg laying, quail nutrition
650 ## - ASSUNTO - THESAGRO
Cabeçalho tópico ou nome geográfico CODORNA
650 ## - ASSUNTO - THESAGRO
Cabeçalho tópico ou nome geográfico NUTRIÇÃO
650 ## - ASSUNTO - THESAGRO
Cabeçalho tópico ou nome geográfico ANIMAL
650 ## - ASSUNTO - THESAGRO
Cabeçalho tópico ou nome geográfico PRÓPOLIS
650 ## - ASSUNTO - THESAGRO
Cabeçalho tópico ou nome geográfico OVO
650 ## - ASSUNTO - THESAGRO
Cabeçalho tópico ou nome geográfico DIGESTIBILIDADE
650 ## - ASSUNTO - THESAGRO
Cabeçalho tópico ou nome geográfico PRODUÇÃO ANIMAL
773 0# - ENTRADA ANALÍTICA
Host Biblionumber 3545
Registro do item 317600
Imprenta Viçosa-MG Sociedade Brasileira de Zootecnia 1997
Outro identificador 2024-4310
Título Revista Brasileira de Zootecnia (Brazil)
ISSN 1516-3598
Colação v. 49 p. 1-10 ; (2020)
Número de controle de registro BR2024000539
856 ## - ACESSO E ENDEREÇO ELETRÔNICO
Identificador uniforme de recurso - URI https://www.scielo.br/j/rbz/a/zgpZ9qWz7gMSqJv9rGjLqCd/?format=pdf&lang=en

Nenhum exemplar disponível.

BINAGRI

Telefone: (61)3218-2567/2388/3357/2097 - binagri@agro.gov.br

Ministério da Agricultura e Pecuária , Esplanada dos Ministérios, Bloco D, Anexo B, Brasília/DF, CEP: 70.043-900